La belle Hélène (Record no. 169908)

MARC details
000 -LEADER
campo de control de longitud fija 00770nam a2200217 i 4500
001 - NÚMERO DE CONTROL
campo de control 169908
003 - IDENTIFICADOR DE NÚMERO DE CONTROL
campo de control ES-MaACL
005 - FECHA Y HORA DE LA ÚLTIMA TRANSACCIÓN
campo de control 20250516163848.0
008 - DATOS DE LONGITUD FIJA--INFORMACIÓN GENERAL
campo de control de longitud fija 081217s1929 fr |||| | fre d
080 ## - NÚMERO DE LA CLASIFICACIÓN DECIMAL UNIVERSAL
Número de la Clasificación Decimal Universal 82-293.2
100 1# - ENTRADA PRINCIPAL--NOMBRE DE PERSONA
Nombre de persona Meilhac, Henri.
9 (RLIN) 129795
245 13 - MENCIÓN DEL TÍTULO
Título La belle Hélène
Resto del título : opéra-bouffe en trois actes /
Mención de responsabilidad, etc. [livret de] Henry Meilhac & Ludovic Halévy ; musique de Jacques Offenbach.
250 ## - MENCION DE EDICION
Mención de edición Nouv. éd.
260 ## - PUBLICACIÓN, DISTRIBUCIÓN, ETC.
Lugar de publicación, distribución, etc. Paris :
Nombre del editor, distribuidor, etc. Calmann-Lévy,
Fecha de publicación, distribución, etc. 1929.
300 ## - DESCRIPCIÓN FÍSICA
Extensión 110 p. ;
Dimensiones 19 cm.
650 #4 - PUNTO DE ACCESO ADICIONAL DE MATERIA--TÉRMINO DE MATERIA
Término de materia o nombre geográfico como elemento de entrada Óperas-
Subdivisión de forma Libretos.
9 (RLIN) 137584
700 1# - ENTRADA AGREGADA--NOMBRE PERSONAL
Nombre de persona Halévy, Ludovic,
Fechas asociadas al nombre 1834-1908
9 (RLIN) 240505
700 1# - ENTRADA AGREGADA--NOMBRE PERSONAL
Nombre de persona Offenbach, Jacques.
9 (RLIN) 86559
852 4# - LOCALIZACIÓN
Ubicación ES-MaACL
Número de control de estantería 2244-F-13
itemnumber R.140903
Nota libre .- Biblioteca Jacinto Martínez Lacalle
Holdings
Estatus retirado Estado de pérdida Estado de daño No para préstamo Colección Biblioteca de origen Biblioteca actual Ubicación en estantería Fecha de adquisición Fuente de adquisición Total de préstamos Signatura topográfica completa Código de barras Visto por última vez Precio de reemplazo Tipo de ítem Koha
        Colección de folletos Biblioteca del Ateneo de Madrid Biblioteca del Ateneo de Madrid Depósito folletos 17/12/2008     2244-F-13 1178385 23/02/2023 23/02/2023 Folleto